| 000 | 01064cam a2200301 a 4500 | ||
|---|---|---|---|
| 001 | 000018317 | ||
| 003 | UkOxU | ||
| 005 | 20200929165443.0 | ||
| 008 | 880808s1968 sp b 000 p spa d | ||
| 035 | _aoxf98410936 | ||
| 040 |
_aDO-SdBNP _dm.c _dm/c _dEQO _dBNPHU |
||
| 082 |
_a863.3 _bC355n |
||
| 100 | 1 |
_aCastro, Guillén de, _d1569-1631. _98198 |
|
| 245 | 1 | 3 |
_aEl narciso en su opinión = El lindo don Diego / _cGuillén de Castro, Agustín de Moreto ; edición e introducción de A. V. Ebersole. |
| 246 | 1 | _aEl lindo don Diego. | |
| 260 |
_aMadrid : _bTaurus, _c1968. |
||
| 300 |
_a339 p. ; _c18 cm. |
||
| 490 | 1 |
_aTemas de España _v73 |
|
| 500 | _aortografía modernizada | ||
| 504 | _aBibliografía selecta: p. 23-24 | ||
| 650 | 4 |
_aNovela española _91123 |
|
| 650 | 4 |
_aLiteratura española _ySIGLO XVII _915578 |
|
| 700 | 1 |
_aEbersole, Alva Vernon. _eed. _939671 |
|
| 700 | 1 |
_aMoreto, Agustín, _d1618-1669. _tLindo don Diego. _f1968. _939672 |
|
| 830 | 0 |
_aTemas de España ; _v73. _96849 |
|
| 910 | _aCatalogación por derivada /Oxford | ||
| 049 | _aBNGR | ||
| 999 |
_c17838 _d17838 |
||